[Event "African Games Rapid Open 2019"]
[Site "Casablanca"]
[Date "2019.08.26"]
[Round "1.11"]
[White "Kayonde, Andrew"]
[Black "Rita, Jeorciley"]
[Result "1-0"]
[WhiteElo "2384"]
[BlackElo "1920"]
[Annotator "ChessBase"]
[PlyCount "63"]
[EventDate "2019.08.26"]
[EventType "team-tourn"]
[EventCountry "MAR"]
[SourceTitle "playchess.com"]
[Source "ChessBase"]
[SourceQuality "1"]
[TimeControl "900+10"]

1. d4 {[%emt 0:00:00]} e6 {[%emt 0:00:00]} 2. Nf3 {[%emt 0:00:00]} Nf6 {[%emt 0:00:00]} 3. e3 {[%emt 0:00:00]} d5 {[%emt 0:00:00]} 4. Bd3 {[%emt 0:00:03]} c5 {[%emt 0:00:08]} 5. O-O {[%emt 0:00:03]} h6 {[%emt 0:00:16]} 6. b3 {[%emt 0:00:04]} Nbd7 {[%emt 0:00:05]} 7. Bb2 {[%emt 0:00:02]} b6 {[%emt 0:00:06]} 8. Ne5 {[%emt 0:00:26]} Bb7 {[%emt 0:00:17]} 9. f4 {[%emt 0:00:22]} Ne4 {[%emt 0:00:24]} 10. Qh5 {[%emt 0:00:50]} Nxe5 {[%emt 0:01:10]} 11. fxe5 {[%emt 0:00:05]} g6 {[%emt 0:01:34]} 12. Bb5+ {[%emt 0:00:05]} Ke7 {[%emt 0:00:02]} 13. Qh4+ {[%emt 0:00:02]} Ng5 {[%emt 0:00:35]} 14. Nd2 {[%emt 0:00:18]} a6 {[%emt 0:00:25]} 15. Nf3 {[%emt 0:00:23]} Bg7 {[%emt 0:00:53]} 16. Nxg5 {[%emt 0:00:11]} hxg5 {[%emt 0:00:01]} 17. Qxg5+ {[%emt 0:00:11]} Kf8 {[%emt 0:00:05]} 18. Qxg6 {[%emt 0:00:08]} Qe7 {[%emt 0:00:27]} 19. Rxf7+ {[%emt 0:00:03]} Qxf7 {[%emt 0:00:05]} 20. Rf1 {[%emt 0:00:01]} Qxf1+ {[%emt 0:00:02]} 21. Bxf1 {[%emt 0:00:02]} Rh6 {[%emt 0:00:23]} 22. Qg5 {[%emt 0:00:06]} Kf7 {[%emt 0:00:25]} 23. Ba3 {[%emt 0:00:15]} Rc8 {[%emt 0:00:39]} 24. Be2 {[%emt 0:00:20]} Rch8 {[%emt 0:01:23]} 25. h3 {[%emt 0:00:36]} Bf8 {[%emt 0:00:16]} 26. Qd8 {[%emt 0:00:21]} Be7 {[%emt 0:01:02]} 27. Qxb6 {[%emt 0:00:05]} Ba8 {[%emt 0:00:22]} 28. Qa7 {[%emt 0:00:05]} Re8 {[%emt 0:00:25]} 29. Bxc5 {[%emt 0:00:02]} Kf8 {[%emt 0:00:04]} 30. Bxe7+ {[%emt 0:00:02]} Rxe7 {[%emt 0:00:03]} 31. Qxa8+ {[%emt 0:00:02]} Kg7 {[%emt 0:00:09]} 32. Qxa6 {[%emt 0:00:02]} 1-0

[Event "African Games Rapid Open 2019"]
[Site "Casablanca"]
[Date "2019.08.26"]
[Round "1.12"]
[White "Espirito Santo, Waldyr"]
[Black "Chumfwa, Stanley"]
[Result "0-1"]
[WhiteElo "1923"]
[BlackElo "2317"]
[Annotator "NA"]
[PlyCount "50"]
[EventDate "2019.08.26"]
[EventType "team-tourn"]
[EventCountry "MAR"]
[SourceTitle "playchess.com"]
[Source "ChessBase"]
[SourceQuality "1"]
[TimeControl "900+10"]

1. e4 {[%emt 0:00:00]} c5 {[%emt 0:00:00]} 2. Nf3 {[%emt 0:00:00]} d6 {[%emt 0:00:00]} 3. d4 {[%emt 0:00:00]} cxd4 {[%emt 0:00:00]} 4. Nxd4 {[%emt 0:00:00]} Nf6 {[%emt 0:00:00]} 5. Nc3 {[%emt 0:00:02]} a6 {[%emt 0:00:00]} 6. f3 {[%emt 0:00:08]} e5 {[%emt 0:00:06]} 7. Nb3 {[%emt 0:00:05]} Be7 {[%emt 0:00:03]} 8. Be3 {[%emt 0:00:02]} O-O {[%emt 0:00:03]} 9. Qd2 {[%emt 0:00:04]} Be6 {[%emt 0:00:02]} 10. Be2 {[%emt 0:00:20]} b5 {[%emt 0:00:50]} 11. a3 {[%emt 0:00:34]} Nbd7 {[%emt 0:00:50]} 12. Rd1 {[%emt 0:00:37]} Qc7 {[%emt 0:00:07]} 13. O-O {[%emt 0:00:14]} Rac8 {[%emt 0:00:07]} 14. Rc1 {[%emt 0:00:37]} Rfd8 {[%emt 0:00:22]} 15. Rfd1 {[%emt 0:00:04]} Nb6 {[%emt 0:00:14]} 16. Na5 {[%emt 0:00:42]} d5 {[%emt 0:00:15]} 17. exd5 {[%emt 0:00:16]} Nbxd5 {[%emt 0:00:06]} 18. Nxd5 {[%emt 0:00:33]} Nxd5 {[%emt 0:00:03]} 19. b4 {[%emt 0:00:09]} Nc3 {[%emt 0:00:18]} 20. Bd3 {[%emt 0:00:27]} Nxd1 {[%emt 0:00:03]} 21. Rxd1 Bc4 {[%emt 0:01:30]} 22. Qf2 {[%emt 0:00:18]} Bxd3 {[%emt 0:00:01]} 23. Bb6 {[%emt 0:01:26]} Qxc2 {[%emt 0:00:02]} 24. Qxc2 {[%emt 0:00:16]} Bxc2 {[%emt 0:00:06]} 25. Rxd8+ {[%emt 0:00:30]} Bxd8 {[%emt 0:00:08]} 0-1

[Event "African Games Rapid Open 2019"]
[Site "Casablanca"]
[Date "2019.08.26"]
[Round "1.13"]
[White "Aderito, Pedro"]
[Black "Amba, Oyon Marius Claude"]
[Result "1-0"]
[WhiteElo "2301"]
[BlackElo "1911"]
[Annotator "TA"]
[PlyCount "63"]
[EventDate "2019.08.26"]
[EventType "team-tourn"]
[EventCountry "MAR"]
[SourceTitle "playchess.com"]
[Source "ChessBase"]
[SourceQuality "1"]

{[%evp 14,100,46,46,66,62,82,62,83,72,66,56,58,66,82,77,101,16,22,24,7,11,27,26,24,16,43,0,116,84,131,131,232,160,178,178,142,164,210,136,127,-9,156,181,146,107,142,126,202,125,576,581,573,575,577,566,540,566,543,532,504,494,706,673,730,720,713,711,998,1040,1048,1032,1276,1248,1243,1206,1091,1060,29985,29986,29988,2253,29991,29992,29993,29994,29994,29995,29996]} 1. d4 Nf6 2. Nf3 c5 3. c4 cxd4 4. Nxd4 a6 5. Nc3 Qc7 6. e4 e6 7. a3 Nc6 8. Be3 h5 {B41: Sicilian: Kan Variation: 5 c4} (8... Ne5 9. f3 Be7 10. Rc1 O-O 11. Be2 Ng6 12. Qd2 b6 13. b4 Bb7 14. Na4 Rfb8 15. c5 bxc5 16. Nxc5 Qd8 {½-½ (54) Dominguez Perez,L (2734)-Svidler,P (2747) St Petersburg 2012}) 9. h3 b6 10. Rc1 Nxd4 $146 {White is slightly better.} ({Predecessor:} 10... Bb7 11. Nd5 exd5 12. cxd5 Qe5 13. dxc6 dxc6 14. Bd3 Rd8 15. Nxc6 Bxc6 16. Rxc6 {1-0 (43) Kudrin,S (2465)-Joksic,S (2325) Zuerich 1982}) 11. Bxd4 Bb7 12. Bd3 Bc5 13. Bxc5 Qxc5 14. O-O g5 15. Kh1 (15. Qf3 $16 Ke7 16. b4) 15... g4 $11 {With the idea ...gxh3.} 16. h4 Qe5 17. Qe1 Rg8 18. g3 d6 19. Kg1 Nd7 20. Qe3 Nc5 (20... Qc5 $11) 21. Bc2 Nd7 22. Ba4 {Threatens to win with Qxb6.} Qc5 (22... O-O-O $16 {was worth a try.}) 23. Qf4 Rd8 24. b4 Qe5 25. Qe3 Ke7 26. Bxd7 Rxd7 {[#]} 27. Qxb6 (27. Rfe1 $1 $16) 27... f5 $2 (27... Rc8 $1 $11) 28. exf5 $16 Qxf5 29. Qe3 Rf8 30. Rfe1 Kd8 (30... Qf3 $16 31. Qxf3 Rxf3) 31. Ne2 {Nd4 is the strong threat.} Rdf7 $2 {[%mdl 8192]} (31... e5 $16 {is a better chance.}) 32. Nf4 {Played: Ne2-d4} 1-0

[Event "African Games Rapid Open 2019"]
[Site "Casablanca"]
[Date "2019.08.26"]
[Round "1.14"]
[White "Winston Gerald, Mansfield Thomas"]
[Black "Adu, Oladapo"]
[Result "0-1"]
[WhiteElo "1872"]
[BlackElo "2273"]
[Annotator "TA"]
[PlyCount "76"]
[EventDate "2019.08.26"]
[EventType "team-tourn"]
[EventCountry "MAR"]
[SourceTitle "playchess.com"]
[Source "ChessBase"]
[SourceQuality "1"]

{[%evp 9,76,-8,-6,-7,8,5,27,-1,-1,0,5,1,4,0,0,0,0,0,23,23,17,-23,0,0,13,0,38,36,39,45,63,33,63,77,74,93,73,77,137,138,157,92,228,239,441,8,7,8,8,8,8,0,87,96,123,45,12,8,14,0,41,13,70,38,70,51,77,0,40]} 1. d4 Nf6 2. Nc3 d5 3. Bf4 Bf5 4. e3 e6 5. a3 (5. Nf3 Bd6 6. Ne5 Nbd7 7. Bd3 Bxd3 8. cxd3 O-O 9. O-O a6 10. a4 Qe7 11. e4 dxe4 12. dxe4 Rfd8 13. Nxd7 Bxf4 14. Nxf6+ Qxf6 {½-½ (49) Atabayev,Y (2453)-Dominguez Perez,L (2720) Baku 2016}) 5... Bd6 6. Bxd6 {D00: 1 d4 d5: Unusual lines} cxd6 7. Bd3 $146 ({Predecessor:} 7. Nf3 Nc6 8. Bd3 Ne4 9. O-O Rc8 10. Nd2 Nxc3 11. bxc3 Ne7 12. c4 dxc4 13. Nxc4 {0-1 (36) Barlocco,C (2156)-Ranola,Y (2455) Ceriano Laghetto 2005}) 7... Bg6 8. Nf3 {White has an edge.} O-O 9. Bxg6 hxg6 10. O-O Nc6 11. Qd3 Rc8 12. e4 dxe4 13. Nxe4 Nxe4 14. Qxe4 Qa5 15. c4 Qh5 16. b4 a6 17. Rfd1 (17. Rac1 {is more complex.} Rfe8 18. Rfd1 d5 19. cxd5 exd5 20. Qb1) 17... Qf5 18. Qxf5 exf5 19. Rac1 Rfe8 20. d5 Ne5 21. Nxe5 Rxe5 $14 {[%mdl 4096] Endgame KRR-KRR} 22. c5 dxc5 23. bxc5 Rd8 (23... g5 $142) 24. d6 $16 Kf8 25. Rd4 (25. f4 $142 Ree8 26. Rd2) 25... Rc8 {[#]} (25... g5 $16 {was called for.}) 26. f4 $1 $18 {[%cal Rf4e5]} Re6 $2 (26... Re4 {was worth a try.} 27. Rd5 Rd8) 27. d7 $2 (27. Rb1 $18) 27... Rd8 $11 28. Rb1 Rc6 29. Rxb7 {Black must now prevent Rd5.} Rxc5 30. Ra7 Ra5 {[#]} (30... Rc1+ $11 {keeps the balance.} 31. Kf2 Rc2+ 32. Kg1 Rc1+ 33. Kf2 Rc2+ 34. Kg1 Rc1+) 31. a4 $1 $16 Ke7 32. Kf2 (32. Rc7 $16) 32... Rc5 $14 33. h3 Rc6 34. Kf3 f6 35. Rd3 Kf7 ({Better is} 35... Rd6 $11 36. Rxd6 Kxd6) 36. a5 Kf8 37. Kf2 Ke7 38. Kf3 (38. h4 $16) 38... g5 {[%mdl 32768] Accuracy: White = 33%, Black = 39%. . Loss on time!?} 0-1

[Event "African Games Rapid Open 2019"]
[Site "Casablanca"]
[Date "2019.08.26"]
[Round "1.15"]
[White "Osunfuyi, Abimbola"]
[Black "Hassan, Abderrahmane"]
[Result "1-0"]
[WhiteElo "2235"]
[BlackElo "1786"]
[Annotator "NA"]
[PlyCount "53"]
[EventDate "2019.08.26"]
[EventType "team-tourn"]
[EventCountry "MAR"]
[SourceTitle "playchess.com"]
[Source "ChessBase"]
[SourceQuality "1"]
[TimeControl "900+10"]

1. c4 {[%emt 0:00:00]} f5 {[%emt 0:00:00]} 2. g3 {[%emt 0:00:02]} Nf6 {[%emt 0:00:00]} 3. Bg2 {[%emt 0:00:20]} d6 {[%emt 0:00:00]} 4. Nc3 {[%emt 0:00:12]} e5 {[%emt 0:00:04]} 5. d3 {[%emt 0:00:03]} Be7 {[%emt 0:00:01]} 6. e4 {[%emt 0:00:39]} c6 {[%emt 0:02:25]} 7. Nge2 {[%emt 0:00:04]} O-O {[%emt 0:01:50]} 8. O-O {[%emt 0:00:04]} Qe8 {[%emt 0:00:19]} 9. Rb1 {[%emt 0:00:32]} Qh5 {[%emt 0:00:35]} 10. f3 {[%emt 0:00:07]} f4 {[%emt 0:01:39]} 11. gxf4 {[%emt 0:00:43]} Bh3 {[%emt 0:00:05]} 12. Ng3 {[%emt 0:01:01]} Qh4 {[%emt 0:00:23]} 13. f5 {[%emt 0:00:04]} Bxg2 {[%emt 0:01:18]} 14. Kxg2 {[%emt 0:00:03]} Nbd7 {[%emt 0:00:24]} 15. Be3 {[%emt 0:00:10]} Nh5 {[%emt 0:00:23]} 16. Nxh5 {[%emt 0:00:12]} Qxh5 {[%emt 0:00:02]} 17. f4 {[%emt 0:00:15]} Qh4 {[%emt 0:01:35]} 18. Rf3 {[%emt 0:00:19]} exf4 {[%emt 0:00:41]} 19. Rxf4 {[%emt 0:00:36]} Qg5+ {[%emt 0:00:11]} 20. Kh1 {[%emt 0:00:04]} Ne5 {[%emt 0:00:41]} 21. Qe2 {[%emt 0:00:05]} Qh6 {[%emt 0:03:35]} 22. Rg4 {[%emt 0:01:33]} Qh3 {[%emt 0:00:12]} 23. Rg3 {[%emt 0:00:06]} Qh4 {[%emt 0:00:57]} 24. d4 {[%emt 0:00:21]} Nd7 {[%emt 0:00:31]} 25. Rbg1 {[%emt 0:00:02]} Bf6 {[%emt 0:00:18]} 26. Qg2 {[%emt 0:00:08]} Rf7 {[%emt 0:00:20]} 27. Rh3 1-0

[Event "African Games Rapid Open 2019"]
[Site "Casablanca"]
[Date "2019.08.26"]
[Round "1.16"]
[White "Naipal, Hoolan"]
[Black "Silva, David"]
[Result "0-1"]
[WhiteElo "1785"]
[BlackElo "2239"]
[Annotator "TA"]
[PlyCount "66"]
[EventDate "2019.08.26"]
[EventType "team-tourn"]
[EventCountry "MAR"]
[SourceTitle "playchess.com"]
[Source "ChessBase"]
[SourceQuality "1"]

{[%evp 15,68,12,35,15,29,27,28,31,46,-8,0,-13,-13,-8,0,0,54,-133,-132,-141,-143,-143,-109,-105,-113,-120,-12,-75,-53,-54,-50,-66,-35,-42,-50,-96,-27,-89,-23,-14,-47,-101,-90,-93,-52,-223,-223,-219,-230,-266,-253,-282,-143,-144,-125]} 1. e4 g6 2. d4 Nf6 3. Nc3 d6 4. Nf3 c6 5. Be2 Bg7 6. O-O O-O 7. h3 b5 8. a3 a6 9. Be3 {B08: Pirc Defence: Classical System} Bb7 10. Qd2 (10. e5 Nd5 11. Nxd5 cxd5 12. Qd2 Nc6 13. exd6 Qxd6 14. Bf4 Qd7 15. Bh6 f6 {1-0 (36) Przybylski,W (2378)-Shirov,A (2691) Jurmala 2015}) 10... Nbd7 11. e5 {White has an edge.} Ne8 {[%cal Rd6e5]} 12. e6 (12. Rad1 $14) 12... fxe6 $11 13. Ng5 Nc7 14. Bg4 Rf6 15. Nce4 Nf8 (15... Rf5 $11) 16. Nxf6+ $146 (16. h4 $14) ({Predecessor:} 16. h4 Rf5 17. Bxf5 exf5 {½-½ (81) Gavasheli,A (2134)-Zarkua,D (2466) Poti 2012}) 16... exf6 $17 17. Bf3 {White wants to play Ne4.} fxg5 18. Bxg5 Bf6 19. Bxf6 Qxf6 20. a4 e5 (20... Nd7 $17 {Threatening ...d5.} 21. axb5 Nxb5) 21. axb5 (21. Qa5 $11 Nce6 22. dxe5 Qxe5 23. axb5 Qxb5 24. Qxb5 axb5 25. Rxa8 Bxa8 26. Ra1) 21... Nxb5 ({But not} 21... axb5 $6 22. Rxa8 Nxa8 23. Ra1 $11) 22. dxe5 dxe5 23. c3 Nd6 24. Rad1 Nf7 25. Qc2 Kh8 (25... Qe7 $17) 26. Rfe1 (26. Qb3 $11 {remains equal.} Qe7 27. Qb6) 26... Bc8 (26... Re8 $17 27. Rd2 Re7) 27. Qe4 Bd7 28. Bg4 ({White should try} 28. Qe3 $15) 28... Bf5 29. Qc4 a5 30. f4 $2 (30. Bf3 $15) 30... Bxg4 $19 31. hxg4 exf4 32. Rd4 g5 33. Rde4 Rd8 {Played: Nf7-d6} 0-1

[Event "African Games Rapid Open 2019"]
[Site "Casablanca"]
[Date "2019.08.26"]
[Round "1.17"]
[White "Elarabi, Abobker Mohamed"]
[Black "Kouya, Tyeoulou Bernardin F"]
[Result "1-0"]
[WhiteElo "2326"]
[BlackElo "1770"]
[Annotator "TA"]
[PlyCount "51"]
[EventDate "2019.08.26"]
[EventType "team-tourn"]
[EventCountry "MAR"]
[SourceTitle "playchess.com"]
[Source "ChessBase"]
[SourceQuality "1"]

{[%evp 17,61,29,29,-18,-29,-29,2,-42,-27,-25,0,-4,0,0,4,-56,-52,-44,-24,-50,-39,-60,0,0,10,0,0,16,14,27,297,302,295,301,736,706,1008,710,684,671,1361,1358,1357,1351,1453,1184]} 1. d4 d5 2. Nf3 Nf6 3. c4 c6 4. Nc3 e6 5. e3 Be7 6. Bd3 dxc4 7. Bxc4 b5 8. Bd3 Bb7 9. O-O O-O 10. a4 {D45: Semi-Slav: 5 e3} b4 11. Ne4 a5 $146 ({Predecessor:} 11... Nxe4 12. Bxe4 Nd7 13. a5 Ba6 14. Bd3 Bxd3 15. Qxd3 c5 16. Bd2 cxd4 17. Nxd4 Ne5 18. Qe4 Nc4 19. Bxb4 Bxb4 20. Nc6 Qd5 21. Qxd5 exd5 22. Nxb4 Nxb2 23. Nxd5 {1-0 (71) Okhotnik,V (2403)-Abergel,T (2330) Issy les Moulineaux 2002}) 12. b3 {The position is equal.} Nbd7 13. Bb2 Nxe4 (13... c5 {feels hotter.} 14. Ned2 Rc8 15. Bb5 cxd4 16. Bxd4 Nb6) 14. Bxe4 Nf6 15. Bd3 c5 16. Be2 (16. dxc5 $11 Rc8 17. Rc1) 16... Rc8 17. Rc1 cxd4 18. Qxd4 Qxd4 19. Nxd4 Nd5 (19... Ne4 $15) 20. Nb5 $11 Rfd8 21. Rfd1 f6 22. Bc4 Kf7 23. Bd4 Bc5 $2 {[%mdl 8192] [#]} (23... Rc6 $11 {and Black has nothing to worry.}) 24. Bxc5 $18 Rxc5 25. e4 Rdc8 $2 (25... f5 26. exd5 Bxd5) 26. exd5 {Played: Nb5-d6} 1-0

[Event "African Games Rapid Open 2019"]
[Site "Casablanca"]
[Date "2019.08.26"]
[Round "1.18"]
[White "Asante Debesai Zerabruk"]
[Black "Wanyama, Harold"]
[Result "1/2-1/2"]
[WhiteElo "1712"]
[BlackElo "2293"]
[Annotator "NA"]
[PlyCount "56"]
[EventDate "2019.08.26"]
[EventType "team-tourn"]
[EventCountry "MAR"]
[SourceTitle "playchess.com"]
[Source "ChessBase"]
[SourceQuality "1"]
[TimeControl "900+10"]

1. e4 {[%emt 0:00:00]} c5 {[%emt 0:00:00]} 2. Nf3 {[%emt 0:00:00]} e6 {[%emt 0:00:00]} 3. d4 {[%emt 0:00:00]} cxd4 {[%emt 0:00:00]} 4. Nxd4 {[%emt 0:00:00]} a6 {[%emt 0:00:01]} 5. Nc3 {[%emt 0:00:00]} Qc7 {[%emt 0:00:01]} 6. Be2 {[%emt 0:00:14]} Bb4 {[%emt 0:00:03]} 7. Bd2 {[%emt 0:00:09]} Nf6 {[%emt 0:00:02]} 8. Bd3 {[%emt 0:01:15]} O-O {[%emt 0:00:23]} 9. a3 {[%emt 0:00:05]} Bc5 {[%emt 0:00:30]} 10. Nb3 {[%emt 0:00:45]} Ba7 {[%emt 0:00:04]} 11. O-O {[%emt 0:00:19]} Nc6 {[%emt 0:00:17]} 12. Ne2 {[%emt 0:01:22]} Ne5 {[%emt 0:00:11]} 13. Bg5 {[%emt 0:01:44]} d6 {[%emt 0:00:14]} 14. Ng3 {[%emt 0:00:55]} Nfd7 {[%emt 0:01:11]} 15. h3 {[%emt 0:00:44]} b5 {[%emt 0:00:22]} 16. Kh2 {[%emt 0:00:24]} Bb7 {[%emt 0:00:09]} 17. f4 {[%emt 0:01:11]} Nxd3 {[%emt 0:00:29]} 18. cxd3 {[%emt 0:00:02]} Rfe8 {[%emt 0:00:15]} 19. Rc1 {[%emt 0:00:25]} Qb6 {[%emt 0:00:03]} 20. f5 {[%emt 0:00:56]} Rac8 {[%emt 0:00:11]} 21. f6 {[%emt 0:00:58]} g6 {[%emt 0:00:13]} 22. h4 {[%emt 0:00:05]} d5 {[%emt 0:00:09]} 23. h5 {[%emt 0:00:29]} Bb8 {[%emt 0:00:04]} 24. hxg6 {[%emt 0:00:40]} hxg6 {[%emt 0:00:02]} 25. Qg4 {[%emt 0:00:20]} Rxc1 {[%emt 0:00:18]} 26. Rxc1 {[%emt 0:00:35]} Qf2 {[%emt 0:00:30]} 27. Qh4 {[%emt 0:01:20]} dxe4 {[%emt 0:01:40]} 28. Rf1 {[%emt 0:02:39]} Qxf1 {[%emt 0:00:41]} 1/2-1/2

[Event "African Games Rapid Open 2019"]
[Site "Casablanca"]
[Date "2019.08.26"]
[Round "1.19"]
[White "Oatlhotse, Providence"]
[Black "Koualet-Bebondi, Vianney Archeveq"]
[Result "1-0"]
[WhiteElo "2252"]
[BlackElo "1679"]
[Annotator "TA"]
[PlyCount "111"]
[EventDate "2019.08.26"]
[EventType "team-tourn"]
[EventCountry "MAR"]
[SourceTitle "playchess.com"]
[Source "ChessBase"]
[SourceQuality "1"]

{[%evp 9,110,62,98,92,104,99,158,147,173,129,197,150,134,133,141,135,136,123,173,181,321,303,285,210,220,170,208,191,180,147,160,143,143,125,134,114,114,107,105,69,82,74,62,57,50,59,57,37,497,445,491,483,489,458,577,565,546,568,684,508,558,579,789,777,750,645,645,626,634,610,636,615,801,800,796,796,793,740,1402,1311,1711,1533,2333,1906,29969,29968,29978,29979,29979,29980,29989,29982,29991,29992,29992,29993,29993,29994,29997,29998,29998,29999,29999]} 1. d4 e6 2. c4 Nf6 3. Nf3 d6 4. Nc3 (4. d5 exd5 5. Nc3 g6 6. cxd5 a6 7. Bf4 c5 8. e4 Bg4 9. Be2 Bxf3 10. Bxf3 Nbd7 11. O-O Qe7 12. Qa4 Bg7 13. e5 dxe5 14. d6 Qd8 15. Bxe5 O-O 16. Bg3 b5 {1-0 (29) Studer,N (2479)-Indjic,A (2620) Skopje 2019}) 4... Bd7 5. e4 Be7 6. e5 {E10: Blumenfeld Gambit} Ng8 7. Bd3 c6 $146 (7... dxe5 $142 8. dxe5 (8. Nxe5 Nc6 $16) 8... Nc6) ({Predecessor:} 7... Na6 8. O-O dxe5 9. dxe5 Bc6 10. Qe2 Bc5 11. Rd1 Qe7 12. a3 O-O-O 13. b4 Bxf3 14. Qxf3 {1-0 (32) Garcia Gonzalez,E-Monteiro,C Corte Ingles 1998}) 8. O-O {White is clearly better.} Na6 9. Be3 Nb4 (9... d5 $16 10. c5 h5) 10. Bb1 d5 11. a3 Na6 12. Bd3 Nc7 13. c5 a6 14. Na4 f6 (14... h5 {was worth a try.} 15. Ne1 h4) 15. Nb6 Ra7 16. Qc2 f5 17. a4 a5 18. Bd2 Na8 19. Nxa8 Qxa8 20. Rfb1 Bd8 21. Ra3 Ne7 22. Bf1 O-O 23. Ng5 Ng6 24. Rh3 h6 25. Nf3 $36 {[%mdl 2048] White is in control.} b6 26. cxb6 Bxb6 27. Rg3 Be8 28. h4 f4 $2 {[%mdl 8192]} ({Black should play} 28... Qd8 $14) 29. Rxg6 $18 Bxg6 30. Qxg6 Qe8 31. Qg4 h5 {[#]} 32. Qh3 $1 Qg6 33. Rc1 Rc7 34. Rc3 Qf5 35. Qxf5 Rxf5 36. Rb3 Ba7 37. Bxa5 Rc8 38. Bb6 Rb8 39. a5 {[%cal Ba4a5,Ba5a6,Ba6a7][%mdl 32]} Rf7 40. Ng5 Rfb7 41. Bxa7 {Threatens to win with Rb6.} Rxb3 42. Bxb8 Rxb8 43. Nxe6 Rxb2 44. a6 Rb1 45. Nd8 Kf8 46. Nxc6 Ke8 47. e6 {White mates.} g6 48. a7 Ra1 49. Kh2 Kf8 50. Bd3 Kg7 51. e7 Kf7 {[#]} 52. Bxg6+ $1 {[%mdl 64] Deflection, Promotion} Kxg6 53. e8=Q+ Kf5 54. Qf7+ {[%mdl 64] Double Attack} Kg4 55. Ne5+ Kxh4 56. Qf6# {Accuracy: White = 59%, Black = 39%.} 1-0

[Event "African Games Rapid Open 2019"]
[Site "Casablanca"]
[Date "2019.08.26"]
[Round "1.20"]
[White "Kourakoumba, Florent"]
[Black "Mushore, Emarald Takudzwa"]
[Result "0-1"]
[WhiteElo "1677"]
[BlackElo "2198"]
[Annotator "TA"]
[PlyCount "154"]
[EventDate "2019.08.26"]
[EventType "team-tourn"]
[EventCountry "MAR"]
[SourceTitle "playchess.com"]
[Source "ChessBase"]
[SourceQuality "1"]

{[%evp 9,153,10,8,0,10,-4,10,-27,-35,-55,-25,-91,-53,-61,-44,-61,-64,-111,-98,-153,-105,-104,-74,-134,-124,-340,-333,-329,-318,-387,-359,-369,-353,-383,-382,-382,-350,-340,-241,-233,-239,-235,-233,-239,-235,-293,-292,-283,-283,-331,-269,-302,-288,-359,-350,-368,-381,-406,-421,-421,-407,-414,-415,-405,-408,-537,-527,-671,-660,-668,-535,-899,-317,-288,-47,-73,-41,-46,-17,-14,-6,-54,-54,-54,-54,-81,-75,-75,-54,-54,-47,-49,-35,-43,-3,-3,-3,-72,0,-168,-168,-688,-625,-668,-656,-609,-577,-714,-1350,-1182,-979,-752,8,8,8,8,8,8,8,8,8,8,1231,-29986,-29987,-29987,-29988,-29988,-29989,-29989,-29990,-29990,-29991,-29992,-29991,-29993,-29993,-29993,-29994,-29994,-29994,-29996,-29997,-29998,-29999,-29999]} 1. d4 Nf6 2. Nd2 c5 3. e3 Nc6 4. c3 e6 5. Ngf3 b6 (5... d5 6. Bd3 Bd6 7. dxc5 Bxc5 8. b4 Bd6 9. O-O O-O 10. a3 a5 11. b5 Ne5 12. Nxe5 Bxe5 13. Bb2 Qe7 14. Qc2 h6 {0-1 (52) Grachev,B (2693)-Khairullin,I (2638) Jurmala 2012}) 6. Be2 {A45: Trompowsky Attack} Bb7 7. O-O Be7 8. Nb3 $146 {The position is equal.} ({Predecessor:} 8. Qa4 O-O 9. Ba6 Qc8 10. Bxb7 Qxb7 11. Qc2 {½-½ (99) Draganic,S (2182)-Klobucar,D (2172) Sibenik 2011}) 8... O-O 9. h3 d6 10. Nfd2 (10. Nbd2 $11) 10... Qc7 11. Nf3 Rfe8 12. Re1 Rad8 13. Nh2 e5 14. f3 (14. a4 $142) 14... a5 15. a4 Bf8 16. d5 {[#]} (16. dxc5 $142 dxc5 17. Nd2) 16... Nxd5 $1 $17 {[%mdl 512]} 17. Qxd5 $2 (17. Bc4 $17 {was called for.} Nf6 18. e4) 17... Nd4 $1 $19 {[%cal Rd4e2][%mdl 64] Discovered Attack} 18. Qc4 d5 19. Qd3 Nxb3 20. Rb1 Bd6 21. Qd1 c4 22. Nf1 Qe7 23. Nd2 Nxd2 24. Bxd2 Bc8 25. Bf1 Qh4 26. Qe2 Bd7 27. Qf2 Qxf2+ 28. Kxf2 Bxa4 29. Kg1 Ra8 30. Ra1 Bc6 31. e4 Bc5+ 32. Be3 d4 33. cxd4 exd4 34. Bf2 b5 35. Rec1 Rec8 36. Rd1 Rd8 37. Rd2 a4 38. Rad1 a3 39. bxa3 h6 40. Bxd4 c3 $2 (40... Rxd4 41. Rxd4 c3) 41. Bxc5 cxd2 $2 ({Black should play} 41... Rxd2 $19 42. Rc1 c2) 42. Bb4 Ra4 43. Kf2 f6 44. Ke3 Kf7 (44... Raa8 {is more complex.} 45. Bd3 h5 46. h4 Re8 47. Rxd2 f5) 45. Rxd2 (45. h4 {with more complications.} h5 46. Bd3 Raa8 47. Rxd2 Be8 48. g3) 45... Rxd2 46. Kxd2 $11 {[%mdl 4096] Endgame KRB-KB} Ra8 47. Kc3 Rd8 48. Bd3 Ke6 49. g3 Rc8 50. Kd4 Be8 51. f4 Rc1 52. f5+ Kf7 53. g4 (53. a4 $11 {remains equal.}) 53... Rh1 (53... Rd1 $17) 54. Kc5 $2 (54. a4 $1 $11 {and White stays safe.}) 54... Rxh3 $19 55. Bxb5 $2 (55. Kd4) 55... Bxb5 56. Kxb5 {intending a4. KR-KB} Rg3 57. a4 Rxg4 58. a5 Rxe4 59. a6 Re8 60. a7 {[#]} g5 $2 ({Better is} 60... g6 $1 $19 {Strongly threatening ...h5.} 61. Kc6 gxf5) 61. Bd6 {Hoping for Bb8.} Ra8 62. Kb6 Ke8 63. Kb7 Rxa7+ $1 64. Kxa7 $11 {KB-K3P} Kd7 65. Bf8 {And now Kb6 would win.} h5 $2 {[%mdl 8192]} (65... Kc6 $11) 66. Bg7 $4 {[%mdl 8192] [#]} (66. Kb6 $18 g4 67. Kc5) 66... Ke7 $1 {Black mates.} 67. Kb6 h4 68. Kc5 h3 69. Kd4 h2 70. Ke3 h1=Q 71. Kf2 Qe4 72. Kg3 Qf4+ 73. Kg2 g4 74. Kg1 Qd2 75. Kh1 g3 {[%csl Gg3][%cal Rd2h2]} 76. Kg1 Qf2+ 77. Kh1 Qf1# {Accuracy: White = 24%, Black = 42%.} 0-1